Протоколы политических допросов военнопленных немцев, взятых в плен в Восточной Пруссии

RUSMARC
00005527cbm0a2200337#x 450
001bdbfbc7e-e7af-478a-9c04-9759fec62251
00520250410134655.0
100##$a20250410d194503##k###0rusy50 ca
1010#$arus
102##$aDE
1222#$ad19450316##
$ad19450327##
2001#$aПротоколы политических допросов военнопленных немцев, взятых в плен в Восточной Пруссии
$j16-27 марта 1945 г.
251##$cДокумент
300##$aПодлинники
461#0$12001
$aФ. 32
$1251
$cФонд
$1852
$j32
462#0$12001
$aОп. 11306
$1251
$cОпись
$1852
$j11306
462#0$12001
$aД. 600
$vЛ. 288-297
$1251
$cДело
$1852
$j600
605##$2prlib_sh
$3LIBNET\UAF\0000088514
$aВторая мировая война в архивных документах (Комплекс оцифрованных архивных документов, кино- и фотоматериалов)
$lколлекция
605##$2acquisition_Prlib
$3DITM\AF\0000002775
$aВласть
$lколлекция
605##$2acquisition_Prlib
$3DITM\AF\0000003834
$aНарод
$lколлекция
6061#$2nlr_sh
$3RU\NLR\AUTH\66181432
$aКенигсбергская операция
$z1945
$jДокументы и материалы
6061#$2nlr_sh
$3RU\NLR\AUTH\661520861
$aВеликая Отечественная война
$z1941 - 1945
$zТретий период
$z1944 – 1945
$jДокументы и материалы
6061#$2nlr_sh
$3RU\NLR\AUTH\66181439
$aВосточно-Прусская операция
$z1945
$jДокументы и материалы
6061#$2prlib_sh
$3LIBNET\UAF\0000116638
$aВоеннопленные немецкие
$yВосточная Пруссия
$z1940-ые гг.
$jДокументы и материалы
686##$a63.3(2)622,13ю1
$2rubbk
$vLBC/M
686##$a63.3(0)62,1ю1
$2rubbk
$vLBC/M
801#0$aRU
$bПБ им. Б.Н. Ельцина
$c20250410
801#1$aRU
$bПБ им. Б.Н. Ельцина
$c20250410
$2rusmarc
801#2$aRU
$bПБ им. Б.Н. Ельцина
$c20250410
$2rusmarc
850##$aЦентральный архив Министерства обороны Российской Федерации
852##$aЦА МО РФ
$jЛ. 288-297
035##$aLIBNET\0001467253
937##$d196598854
$hФедеральное архивное агентство
8564#$uhttp://readingroom.main.prlib.ru/item.aspx?id_node=n196598854&mode=full
Формат отображения